<?xml version="1.0" encoding="UTF-8"?>
<collection xmlns="http://www.loc.gov/MARC21/slim">
<record>
  <controlfield tag="001">162180</controlfield>
  <controlfield tag="005">20260219074317.0</controlfield>
  <datafield tag="024" ind1="7" ind2=" ">
    <subfield code="2">doi</subfield>
    <subfield code="a">10.1016/j.prevetmed.2025.106473</subfield>
  </datafield>
  <datafield tag="024" ind1="8" ind2=" ">
    <subfield code="2">sideral</subfield>
    <subfield code="a">143098</subfield>
  </datafield>
  <datafield tag="037" ind1=" " ind2=" ">
    <subfield code="a">ART-2025-143098</subfield>
  </datafield>
  <datafield tag="041" ind1=" " ind2=" ">
    <subfield code="a">eng</subfield>
  </datafield>
  <datafield tag="100" ind1=" " ind2=" ">
    <subfield code="0">(orcid)0000-0002-8474-2831</subfield>
    <subfield code="a">Ruiz, Héctor</subfield>
    <subfield code="u">Universidad de Zaragoza</subfield>
  </datafield>
  <datafield tag="245" ind1=" " ind2=" ">
    <subfield code="a">Distribution of lamb carcass condemnations due to jaundice over six years in a slaughterhouse in the Northeast of Spain</subfield>
  </datafield>
  <datafield tag="260" ind1=" " ind2=" ">
    <subfield code="c">2025</subfield>
  </datafield>
  <datafield tag="506" ind1="0" ind2=" ">
    <subfield code="a">Access copy available to the general public</subfield>
    <subfield code="f">Unrestricted</subfield>
  </datafield>
  <datafield tag="520" ind1="3" ind2=" ">
    <subfield code="a">Since 2020, an increase in carcass condemnations in lambs due to jaundice has been noticed in some slaughterhouses in the Northeastern region of Spain. Therefore, data from 479,055 “Ternasco” lambs (2–3 months old lambs with a live weight of 21–23 kg) slaughtered at Mercazaragoza slaughterhouse (Zaragoza, Spain) were analysed. The data belonged to two companies and were collected between January 2018 and December 2023. The criteria studied included the company of origin, date of slaughter and the cause of condemnation. A total of 2661 lambs (0.56 %) were condemned, with 943 of them being condemned due to jaundice (0.20 %). Jaundice was the main cause of carcass condemnation, accounting for 35.44 % of total condemnation during the study period, with a progressive increase from 2018 to 2021, followed by a slight stabilisation in the subsequent years. A clear pattern was also evident, with more than half (57.69 %) of these condemnations occurring between May and August each year, becoming particularly pronounced from 2020 onwards. Condemnations due to jaundice were the main cause of carcass condemnation in both companies. Based on the seasonality associated with the active period of ticks and previous studies performed in the area, the possible implication of Anaplasma ovis infection in affected lambs is discussed. Further studies are needed to understand the underlying causes and their significance.</subfield>
  </datafield>
  <datafield tag="540" ind1=" " ind2=" ">
    <subfield code="9">info:eu-repo/semantics/openAccess</subfield>
    <subfield code="a">by-nc-nd</subfield>
    <subfield code="u">https://creativecommons.org/licenses/by-nc-nd/4.0/deed.es</subfield>
  </datafield>
  <datafield tag="655" ind1=" " ind2="4">
    <subfield code="a">info:eu-repo/semantics/article</subfield>
    <subfield code="v">info:eu-repo/semantics/acceptedVersion</subfield>
  </datafield>
  <datafield tag="700" ind1=" " ind2=" ">
    <subfield code="0">(orcid)0000-0002-4655-9171</subfield>
    <subfield code="a">González, José María</subfield>
    <subfield code="u">Universidad de Zaragoza</subfield>
  </datafield>
  <datafield tag="700" ind1=" " ind2=" ">
    <subfield code="a">Bello, José María</subfield>
    <subfield code="u">Universidad de Zaragoza</subfield>
  </datafield>
  <datafield tag="700" ind1=" " ind2=" ">
    <subfield code="0">(orcid)0000-0001-6209-4282</subfield>
    <subfield code="a">Villanueva-Saz, Sergio</subfield>
    <subfield code="u">Universidad de Zaragoza</subfield>
  </datafield>
  <datafield tag="700" ind1=" " ind2=" ">
    <subfield code="0">(orcid)0000-0002-7655-2472</subfield>
    <subfield code="a">Ruiz de Arcaute, Marta</subfield>
    <subfield code="u">Universidad de Zaragoza</subfield>
  </datafield>
  <datafield tag="700" ind1=" " ind2=" ">
    <subfield code="0">(orcid)0000-0002-0313-5926</subfield>
    <subfield code="a">Ortín, Aurora</subfield>
    <subfield code="u">Universidad de Zaragoza</subfield>
  </datafield>
  <datafield tag="700" ind1=" " ind2=" ">
    <subfield code="0">(orcid)0000-0002-7822-6646</subfield>
    <subfield code="a">Lacasta, Delia</subfield>
    <subfield code="u">Universidad de Zaragoza</subfield>
  </datafield>
  <datafield tag="710" ind1="2" ind2=" ">
    <subfield code="1">1009</subfield>
    <subfield code="2">617</subfield>
    <subfield code="a">Universidad de Zaragoza</subfield>
    <subfield code="b">Dpto. Patología Animal</subfield>
    <subfield code="c">Área Medicina y Cirugía Animal</subfield>
  </datafield>
  <datafield tag="773" ind1=" " ind2=" ">
    <subfield code="g">238 (2025), 106473 [7 pp.]</subfield>
    <subfield code="p">Prev. vet. med.</subfield>
    <subfield code="t">PREVENTIVE VETERINARY MEDICINE</subfield>
    <subfield code="x">0167-5877</subfield>
  </datafield>
  <datafield tag="856" ind1="4" ind2=" ">
    <subfield code="s">476693</subfield>
    <subfield code="u">http://zaguan.unizar.es/record/162180/files/texto_completo.pdf</subfield>
    <subfield code="y">Postprint</subfield>
    <subfield code="z">info:eu-repo/date/embargoEnd/2026-02-17</subfield>
  </datafield>
  <datafield tag="856" ind1="4" ind2=" ">
    <subfield code="s">1409603</subfield>
    <subfield code="u">http://zaguan.unizar.es/record/162180/files/texto_completo.jpg?subformat=icon</subfield>
    <subfield code="x">icon</subfield>
    <subfield code="y">Postprint</subfield>
    <subfield code="z">info:eu-repo/date/embargoEnd/2026-02-17</subfield>
  </datafield>
  <datafield tag="909" ind1="C" ind2="O">
    <subfield code="o">oai:zaguan.unizar.es:162180</subfield>
    <subfield code="p">articulos</subfield>
    <subfield code="p">driver</subfield>
  </datafield>
  <datafield tag="951" ind1=" " ind2=" ">
    <subfield code="a">2026-02-18-12:27:20</subfield>
  </datafield>
  <datafield tag="980" ind1=" " ind2=" ">
    <subfield code="a">ARTICLE</subfield>
  </datafield>
</record>
</collection>